| 000 | 01436nam a22003737a 4500 | ||
|---|---|---|---|
| 001 | 13832443 | ||
| 003 | OSt | ||
| 005 | 20210423062004.0 | ||
| 008 | 050106t20051955nyua j 000 1 eng d | ||
| 010 | _a 2005270183 | ||
| 020 | _a0060229357 | ||
| 035 | _a(OCoLC)ocm60748434 | ||
| 040 |
_aUUC _cUUC _dAIC _dDLC _beng |
||
| 041 | _aeng | ||
| 050 | 0 | 0 | _aMLCS 2006/43120 (P) |
| 080 |
_a821.111 _bJ-74 |
||
| 082 | 0 | 4 |
_a[E] _222 |
| 100 | 1 |
_aJohnson, Crockett, _d1906-1975. |
|
| 245 | 1 | 0 |
_aHarold and the purple crayon / _cby Crockett Johnson. |
| 250 | _a50th Anniversary edition | ||
| 260 |
_a[New York] : _bHarperCollins, _c2005, c1955. |
||
| 300 |
_a1 v. (unpaged) :42 p. _bcol. ill. _c20 cm. |
||
| 365 | _b16.99 usd | ||
| 520 | _aHarold goes for an adventurous walk in the moonlight with his purple crayon. | ||
| 650 | 0 | _aFantasy. | |
| 650 | 0 |
_aEnglish literature _9254 |
|
| 650 | 1 | _aFantasy. | |
| 653 | _aინგლისური ლიტერატურა | ||
| 655 | 7 |
_aAdventure stories. _2lcsh |
|
| 856 | 4 | 2 |
_3Publisher description _uhttp://www.loc.gov/catdir/enhancements/fy0645/2005270183-d.html |
| 906 |
_a7 _bcbc _ccopycat _d2 _encip _f20 _gy-gencatlg |
||
| 942 |
_2udc _cBK |
||
| 999 |
_c1585 _d1585 |
||